Pixar Hero & Villain - Statistics

General Stats
  • This quiz has been taken 87 times
  • The average score is 27 of 52
Answer Stats
Movie Hero & Villain % Correct
Toy Story Woody
98%
Toy Story 2 Woody
98%
Toy Story 3 Woody
98%
Toy Story 4 Woody
98%
Monsters Inc. Sully
89%
Monsters University Sully
89%
Sid
86%
The Incredibles Mr. Incredible
81%
WALL-E WALL-E
80%
Cars Lightning McQueen
78%
Lightyear Buzz Lightyear
75%
Finding Nemo Marlin
75%
Finding Dory Dory
73%
Hopper
72%
Inside Out Joy
72%
Ratatouille Remy
72%
Brave Merida
67%
A Bug's Life Flik
63%
Syndrome
63%
Cars 2 Mater
61%
Stinky Pete
61%
Lotso
59%
Up Carl Fredricksen
58%
Luca Luca
53%
Coco Miguel
52%
AUTO
47%
Darla
47%
Incredibles 2 Elastigirl
47%
Waternoose
47%
Chick Hicks
44%
Charles Muntz
42%
Jackson Storm
42%
Ernesto de la Cruz
41%
Zurg
41%
The Good Dinosaur Arlo
39%
Skinner
36%
Mor'du
34%
Turning Red Meilin
33%
Cars 3 Cruz
31%
Screenslaver
30%
Axelrod
22%
Thunderclap
22%
Soul Joe
20%
Jangles
19%
Onward Barley
17%
Giant Squid
17%
Ming
16%
Dean Hardscrabble
14%
Terry
14%
Benson
13%
Ercole
13%
Manticore
9%
No matching quizzes found
Score Distribution
Percent of People with Each Score
Percentile by Number Answered
Your Score History
You have not taken this quiz